| 000 | 00610cam a2200229 4500 | ||
|---|---|---|---|
| 001 | J62381 | ||
| 008 | 000000n2000 000 0 eng u | ||
| 035 | _a(Sirsi) u109237 | ||
| 050 | _a333.335 | ||
| 110 |
_aFPDSavills _93625 |
||
| 245 | _aAgricultural land market survey - Autumn/Winter 2000 | ||
| 260 |
_aLondon _bFPDSavills _c2000 |
||
| 300 | _a1 folded sheet . ; 30cm. | ||
| 490 |
_aAgricultural Research Briefing _vNo. 18 |
||
| 650 | _aFARM LAND | ||
| 650 | _aLAND PRICES | ||
| 650 | _aCAP | ||
| 650 | _aAGRICULTURAL PROPERTY | ||
| 650 | _aAGENDA 2000 | ||
| 690 |
_aRural _96268 |
||
| 942 | _n0 | ||
| 999 |
_c100909 _d100909 |
||